书目信息 |
| 题名: |
实验心理学
|
|
| 作者: | 邓铸 著 | |
| 分册: | ||
| 出版信息: | 北京 北京师范大学出版社 2016 |
|
| 页数: | 459页 | |
| 开本: | 23cm | |
| 丛书名: | ||
| 单 册: | ||
| 中图分类: | B841.4 | |
| 科图分类: | ||
| 主题词: | 实验心理学--shi yan xin li xue--高等学校--教材 | |
| 电子资源: | ||
| ISBN: | 978-7-303-20501-1 | |
| 000 | 01110nam0 22002651 450 | |
| 001 | 1754465449 | |
| 005 | 20170516112211.0 | |
| 010 | @a978-7-303-20501-1@dCNY49.00 | |
| 100 | @a20161027d2016 em y0chiy50 ea | |
| 101 | 0 | @achi |
| 102 | @aCN@b110000 | |
| 105 | @ay z 000yy | |
| 106 | @ar | |
| 200 | 1 | @a实验心理学@9shi yan xin li xue@dExperimental psychology@f邓铸著@zeng |
| 210 | @a北京@c北京师范大学出版社@d2016 | |
| 215 | @a459页@d23cm | |
| 300 | @a高等学校心理学精品教材系列 心理学研究方法书系 | |
| 300 | @a江苏高校品牌专业“应用心理学”建设工程基金资助 南京师范大学“心理学研究方法”教学团队建设成果 | |
| 330 | @a本书全面介绍了实验心理学的建立与发展、内容与逻辑以及各具体实验研究领域中的实验范式及案例。全书主要由两大部分组成:第一部分是关于心理学实验研究的基本逻辑、基本程序和常用设计模型;第二部分是关于心理学基础研究领域中的常用典型实验范式。 | |
| 510 | 1 | @aExperimental psychology@zeng |
| 606 | 0 | @a实验心理学@9shi yan xin li xue@x高等学校@j教材 |
| 690 | @aB841.4@v5 | |
| 701 | 0 | @a邓铸@9deng zhu@f(1964~)@4著 |
| 801 | 0 | @aCN@b百万庄@c20170512 |
| 905 | @b1004988-93@dB841.4@e1707@f6 | |
| 实验心理学=Experimental psychology/邓铸著.-北京:北京师范大学出版社,2016 |
| 459页;23cm |
| 高等学校心理学精品教材系列 心理学研究方法书系.-江苏高校品牌专业“应用心理学”建设工程基金资助 南京师范大学“心理学研究方法”教学团队建设成果 |
| ISBN 978-7-303-20501-1:CNY49.00 |
| 本书全面介绍了实验心理学的建立与发展、内容与逻辑以及各具体实验研究领域中的实验范式及案例。全书主要由两大部分组成:第一部分是关于心理学实验研究的基本逻辑、基本程序和常用设计模型;第二部分是关于心理学基础研究领域中的常用典型实验范式。 |
| ● |
| 相关链接 |
|
|
|
|
正题名:实验心理学
索取号:B841.4/1707
 
预约/预借
| 序号 | 登录号 | 条形码 | 馆藏地/架位号 | 状态 | 备注 |
| 1 | 1004988 | 210049883 | 第一样本阅览室/ [索取号:B841.4/1707] | 在馆 | |
| 2 | 1004989 | 210049892 | 教育系资料室/ [索取号:B841.4/1707] | 在馆 | |
| 3 | 1004990 | 210049909 | 教育系资料室/ [索取号:B841.4/1707] | 在馆 | |
| 4 | 1004991 | 210049918 | 教育系资料室/ [索取号:B841.4/1707] | 在馆 | |
| 5 | 1004992 | 210049927 | 第一借阅区/ [索取号:B841.4/1707] | 在馆 | |
| 6 | 1004993 | 210049936 | 第一借阅区/ [索取号:B841.4/1707] | 在馆 |